00652nam a2200181 i 4500001000700000003000900007005001700016007000300033008004100036080001000077100004900087245018000136260004300316300003800359650002100397710003100418852002100449146463ES-MaACL20250930063126.0t|070910s1925 sp ||||1| spa d a528.71 aTorroja y Miret, José María, d1884-195413aLa estereofotogrametría en 1924 b: conferencias pronunciadas los días 3, 5 y 10 de abril de 1924, en la Real Sociedad Geográfica / cpor José María Torroja y Miret. aMadrid : b[s.n.], c1925 (fVoluntad) a83 p., 56 h. de lám. ; c24 cm.14aFotogrametría.2 aReal Sociedad Geográfica aES-MaACLjG-6288